01024nam a2200241 4500010001300000020001500013035001300028037001800041040001200059082001500071100001700086245010600103260003600209270004200245300004400287650004700331650004500378650003700423942002400460999001900484952016200503952011700665 aA-583131 a0863113889 aA-583131 bCen Lib / Ret aDPLbEN a327.1bIQB aIqbal Singh  aBetween two fires :btowards an understanding of Jawaharlal Nehru's foreign policy /cby Iqbal Singh  aNew DelhibOrient Longmanc1992 a1/24 Asaf Ali RoadbNew Delhie110002 a2 v. ; (v 1. 376 ; v 2. 342p)b24cm(Hb) a India -- Foreign relations -- 1919-1947.  aIndia -- Foreign relations -- 1947-1984. aNehru, Jawaharlal, -- 1889-1964. 2ddccENh327.1mIQB c136487d136487 04102ddc3v 140708NFICaLbLd2016-03-03eCen Lib/Retl0o327.1 IQBpA-583131r2016-03-03 00:00:00w2016-03-03yENzW/d List No. 6895/12 ; dtd 17/10/2020 00103v 240718REFaLbLd2016-03-03eCen Lib/Retl0o327.1 IQBpA-947566r2016-03-03 00:00:00w2016-03-03yEN